Visualizzazione normale
Vista MARC
- Trim
di Personal Name
Records bibliografici associati: 1
001 - CONTROL NUMBER
- control field: 4625
003 - CONTROL NUMBER IDENTIFIER
- control field: IT-RoPau
005 - DATE AND TIME OF LATEST TRANSACTION
- control field: 20131130121112.0
008 - FIXED-LENGTH DATA ELEMENTS
- fixed length control field: 131130|| aca||aabn | a|a d
040 ## - CATALOGING SOURCE
- Original cataloging agency: IT-RoPau
- Transcribing agency: IT-RoPau
100 ## - HEADING--PERSONAL NAME
- Personal name: Trim
- Miscellaneous information: Codice autore SPICS: 24602
- Relator term: Autore
- Name of part/section of a work: Preghiera
670 ## - SOURCE DATA FOUND
- Source citation: Work cat.: (IT-RoPau)99607: AA.VV. 794, Per aver visto un uomo piangere e soffrire Dio si trasformò in musica e poesia (Lp 6323 010)